Emprende dinámica : (Registro nro. 13506)

Detalles MARC
000 -LIDER
fixed length control field 02436nam a2200313 a 4500
001 - NÚMERO DE CONTROL
Identificador de número de control
003 - IDENTIFICACDOR DE NÚMERO DE CONTROL
control field DO-SdBNP
005 - DATE AND TIME OF LATEST TRANSACTION
control field 20210517122026.0
008 - ELEMENTOS DE LONGITUD FIJA
fixed length control field 181204s2018 dr a r 000 0 spa d
020 ## - ISBN
Canceled/invalid ISBN 978684198245
040 ## - FUENTE DE CATALOGACIÓN
Agencia que crea de manera original el registro BPMSU
Idioma de catalogación spa
Agencia que realiza la transcripción BPMSU
082 ## - NÚMERO DE CLASIFICACIÓN DECIMAL DE DEWEY
Classification number 658.3125
Item number D418e 2018
Edition number 22
100 1# - ASIENTO PRINCIPAL -- NOMBRE PERSONAL
Nombre personal D'Oleo Puig, Jonathan
245 10 - MENCIÓN DE TITULO
Título Emprende dinámica :
Subtítulo conceptos, paradigmas y finanzas /
Mención de responsabilidad Jonathan D'oleo Puig.
260 ## - PUBLICACIÓN, DISTRIBUCIÓN, ETC. (PIE DE IMPRENTA)
Lugar de publicación, distribución, etc Santo Domingo :
Nombre del editor, distribuidor, etc. D'oleo Analytica,
Fecha de publicación, distribución, etc 2018.
300 ## - DESCRIPCIÓN FÍSICA
Extensión iii, 251 p. :
Otros detalles físicos il. ;
Dimensiones 22 cm.
500 ## - NOTA GENERAL
Nota general Incluye datos biográficos del autor en las solapas
504 ## - NOTA DE BIBLIOGRAFÍA, ETC.
Bibliography, etc Bibliografía : p. 249-251
505 ## - NOTA DE CONTENIDO
Texto normalizado de contenido Prólogo -- Del análisis a la ejecución -- El significado de emprender -- Emprenda lo que entienda -- Sostenibilidad y estrategia -- Más allá del ensayo-error -- En ti está el detalle -- Saber antes de probar -- Inteligencia empresarial -- Alteraciones disruptivas -- Segmentando el mercado -- Análisis marginal -- Sinfonía empresarial -- Riesgo y oportunidad -- Calidad: clave de la felicidad -- Causalidad -- Cultura de trabajo en equipo -- Lo que se mide se consigue -- Delega y sé estratega -- Engendrar versus crear -- Comunica acción -- Cambio y continuidad -- Ètica: más allá de la estética -- Disrupción en acción -- Estrategia del océano azúl -- El negocio está en la tinta -- Motivación -- William Edwards Deming -- Èxito en velocidad crucero -- Glocalización -- ¡Ocio! ¿Bueno para los negocios? -- Emprende tu frustración -- Apuntemos...por si las moscas -- ¿Qué es lo que vendes? -- Ventanas por espejos -- Llena el blanco -- Calla y emprende -- Estándar de excelencia -- Jesús: maestro emprendedor -- De lo que aprendí en Wall Street -- Diversificación -- Principios de ahorro e inversión -- ¿Inversionista o consumidor inmediatista? -- Evaluando riesgos; conquistando sueños -- El inversionista inteligente -- De lo pecuario a lo monetario -- Gastos de temporada -- Voz, verbo y dinero -- De la cueva al mundo de las ideas -- La empresa en la era posmoderna, <br/> -- De lo medible a lo insondable -- Sintetizando la dinámica.
590 ## - NOTA LOCAL
Texto de la nota local Inventariado, 2021/VM
650 #4 - ENCABEZAMIENTO DE MATERIA--TEMÁTICO
Término temático o nombre geográfico como elemento de entrada Administración de empresa
650 #4 - ENCABEZAMIENTO DE MATERIA--TEMÁTICO
Término temático o nombre geográfico como elemento de entrada Emprendimiento
650 #4 - ENCABEZAMIENTO DE MATERIA--TEMÁTICO
Término temático o nombre geográfico como elemento de entrada Éxito en los negocios.
650 #4 - ENCABEZAMIENTO DE MATERIA--TEMÁTICO
Término temático o nombre geográfico como elemento de entrada Motivación para el rendimiento
650 #4 - ENCABEZAMIENTO DE MATERIA--TEMÁTICO
Término temático o nombre geográfico como elemento de entrada Coaching ejecutivo
650 #4 - ENCABEZAMIENTO DE MATERIA--TEMÁTICO
Término temático o nombre geográfico como elemento de entrada Dinámica de grupos.
910 ## - VALIDACIÓN
Validación VMateo
942 ## - ADDED ENTRY ELEMENTS (KOHA)
Source of classification or shelving scheme Dewey Decimal Classification
Koha item type Libros
Existencias
Withdrawn status Lost status Source of classification or shelving scheme Damaged status Not for loan Collection code Home library Current library Date acquired Source of acquisition Full call number Barcode Date last seen Copy number Price effective from Koha item type
    Dewey Decimal Classification     Colección Dominicana Biblioteca Pública Metropolitana Salomé Ureña Biblioteca Pública Metropolitana Salomé Ureña 05/17/2021 Editora Búho BPMSU CD 658.3125 D418e 2018 BPMSU21050103 05/17/2021 05/17/2021 Libros
    Dewey Decimal Classification     Colección Dominicana Biblioteca Pública Metropolitana Salomé Ureña Biblioteca Pública Metropolitana Salomé Ureña 05/17/2021 Editora Búho BPMSU CD 658.3125 D418e 2018 BPMSU21100075 10/11/2021 e.2 05/17/2021 Libros